1928 1273 1688 1009 1220 1246 1692 1466 1035 1197 1401 1640 1459 1114 1880 1830 1261 1711 1304 1141 1490 1369 1139 1677 1693 1785 1665 1438 1436 1369 1827 1122 1301 1036 1554 1130 1566 1226 1333 1880 1778 1120 1088 1566 1110 1840 1133 1024 1795 1039 1239 1392 1669 1509 1520 1028 1052 1740 1707 1665 1240 1755 1465 1808 1841 1608 1017 1884 1617 1688 1782 1435 1864 1976 1480 1389 1143 1093 1923 1869 1749 1843 1476 1452 1119 1230 1855 1737 1840 1290 1352 1039 1823 1104 1034 1509 1449 1550 1077 BCNSPRNW ULIB Ver.6.0+V

เปลี่ยนเป็นภาษาไทย

Change to English
 แสดงรายละเอียดบรรณานุกรม
  กลับหน้าหลัก

Brief Record : Get Marc (ISO 2709) : E-mail record : QR code < ปิดหน้าต่าง
LEADER : 00000nam 2200000uu 4500
001    13399120849
003     ULIB
008    121019s2550||||th 000 0 tha d
020    ^a9789749898444
050  4 ^aBQ4190^bว111ธ 2550
100 0  ^aว.วชิรเมธี
245 10 ^aธรรมะงอกงาม /^cว.วชิรเมธี
250    ^aพิมพ์ครั้งที่ 5
260    ^aกรุงเทพฯ :^bอมรินทร์,^c2550
300    ^a214 หน้า :^bภาพประกอบ ;^c17 ซม.
440  0 ^aธรรมะประยุกต์สำหรับคนรุ่นใหม่ ;^vลำดับที่ 13
650  7 ^aธรรมะ
650  7 ^aความจริง^xแง่ศาสนา^xพุทธศาสนา
650  7 ^aการดำเนินชีวิต
945    ^p165^l0^i14478
995    ^aกัณชพร
999 ^a ใช้งานได้ทุกระบบ
รายการนี้ยังไม่มีแท็ก
คุณยังไม่ได้ล็อกอิน คุณสามารถมีกิจกรรมร่วมกับเว็บไซต์ได้ แต่ต้องล็อกอินก่อน ::
  ล็อกอิน

รายการสื่อสารสนเทศ

ลำดับที่ ประเภท เลขเรียก/บาร์โค้ด สถานที่ สถานะ
1. วิทยาศาสตร์การแพทย์ และสุขภาพ
วิทยาศาสตร์การแพทย์ และสุขภาพ
BQ4190 ว111ธ 2550  
  Barcode: 14478
ห้องสมุดวิทยาเขตสวรรค์ประชารักษ์
►หนังสือทั่วไป
บนชั้น

รายการใกล้เคียง
    ผู้แต่ง [ว.วชิรเมธี]

    หัวเรื่อง [ธรรมะ]
    หัวเรื่อง [การดำเนินชีวิต]

BibComment


ยังไม่เคยถูกคอมเมนท์

คอมเมนท์ทรัพยากรรายการนี้
  คอมเมนท์: ธรรมะงอกงาม ววช..


 Copyright 2026. Bcnsprnw @Library